Match the Perp's Selfie to the Location - TCC Map Quiz - Statistics

General Stats
  • This quiz has been taken 14 times
  • The average score is 6 of 8
Answers on the Map
Answers color-coded by a green-red scale on the quiz's map according to % correct below.
 
Answer Stats
Answer % Correct
100%
100%
75%
75%
75%
75%
50%
50%
No matching quizzes found
Score Distribution
Percent of People with Each Score
Percentile by Number Answered
Your Score History
You have not taken this quiz